Library and information services in agricultural education, research and extension / (Record no. 38892)

MARC details
000 -LEADER
fixed length control field 01807nam a22003017a 4500
005 - DATE AND TIME OF LATEST TRANSACTION
control field 20100803114911.0
010 ## - LCCN (DPL NO)
LC control number ENG-97658 B-423566-570
020 ## - INTERNATIONAL STANDARD BOOK NUMBER
International Standard Book Number 9788183701808
Terms of availability 1500.00
035 ## - SYSTEM CONTROL NUMBER
System control number EN-81191
035 ## - SYSTEM CONTROL NUMBER
System control number B-423566-570
037 ## - SOURCE OF ACQUISITION
Source of stock number/acquisition DBAD/PUB
037 ## - SOURCE OF ACQUISITION
Source of stock number/acquisition Allied Publishers
082 ## - DEWEY DECIMAL CLASSIFICATION NUMBER
Classification number 020
100 ## - MAIN ENTRY--PERSONAL NAME
Personal name Renuka, P.
245 ## - TITLE STATEMENT
Title Library and information services in agricultural education, research and extension /
Statement of responsibility, etc by P. Renuka
260 ## - PUBLICATION, DISTRIBUTION, ETC. (IMPRINT)
Place of publication, distribution, etc New Delhi
Name of publisher, distributor, etc Akansha Publishing House
Date of publication, distribution, etc 2009
270 ## - ADDRESS
Address 4649-B/21, Ansari Road
City New Delhi
Postal code 110002
300 ## - PHYSICAL DESCRIPTION
Extent xxi,323p.
Dimensions 25cm (Hb)
500 ## - GENERAL NOTE
General note Includes bibliographical refrences and index
942 ## - ADDED ENTRY ELEMENTS (KOHA)
Source of classification or shelving scheme Dewey Decimal Classification
Item type English Books
Classification part 020
Call number suffix REN
Holdings
Withdrawn status Lost status Not for loan Collection code Home library Current library Date acquired Source of acquisition Cost, normal purchase price Full call number Barcode Copy number Cost, replacement price Koha item type
    Not For Loan Reference Central Library Central Library 02/08/2011 Allied Publishers/CR/0002704/17.3.11/75/4.3.11/17.3.11 1500.00 020 REN B-423566 1 1500.00 English Books
    Not For Loan Reference Central Library Central Library 02/08/2011 Allied Publishers/CR/0002704/17.3.11/75/4.3.11/17.3.11 1500.00 020 REN B-423567 1 1500.00 English Books
    Not For Loan Non-fiction D.B.Act.Division D.B.Act.Division 03/08/2010 DBAD/PUB 1500.00 020 REN EN-81191 1 1500.00 English Books
    Not For Loan Reference Karol Bagh Karol Bagh 02/08/2011 Allied Publishers/CR/0002704/17.3.11/75/4.3.11/17.3.11 1500.00 020 REN B-423570 1 1500.00 English Books
    Not For Loan Reference Patel Nagar Patel Nagar 02/08/2011 Allied Publishers/CR/0002704/17.3.11/75/4.3.11/17.3.11 1500.00 020 REN B-423568 1 1500.00 English Books
    Not For Loan Reference Sarojini Nagar Sarojini Nagar 02/08/2011 Allied Publishers/CR/0002704/17.3.11/75/4.3.11/17.3.11 1500.00 020 REN B-423569 1 1500.00 English Books

© Delhi Public Library
Hit Counter
free hit counter